Toán học A (Dành cho Hs THPT)

保存先:
書誌詳細
フォーマット: 図書
タグ: タグ追加
タグなし, このレコードへの初めてのタグを付けませんか!
Thư viện lưu trữ: Mạng thư viện Đại học Đà Nẵng
LEADER 00406nam a22001691a 4500
001 000040179
003 16474
005 20160412022853.0
008 160412s0 000
082 |a 4N(TK)1721 
245 |a Toán học A (Dành cho Hs THPT) 
OWN |a LNN 
999 |a From the UDN01 
TYP |a Monograph 
980 |a Mạng thư viện Đại học Đà Nẵng